Hóa đại cương lớp 10, 11, 12 chuyên Hóa và ôn thi Đại học

Sách cung cấp kiến thức cơ bản về hóa học như các khái niệm căn bản và định luật hóa học quan trọng, cấu tạo nguyên tử, cấu tạo phân tử, bảng hệ thống tuần hoàn các nguyên tố hóa học, phản ứng hóa học, sự điện ly, phản ứng oxýt hóa -...

全面介紹

Đã lưu trong:
書目詳細資料
主要作者: Nguyễn, Trọng Thọ
格式: 圖書
語言:Undetermined
出版: Hà Nội Giáo Dục 1998
主題:
標簽: 添加標簽
沒有標簽, 成為第一個標記此記錄!
Thư viện lưu trữ: Trung tâm Học liệu Trường Đại học Cần Thơ
LEADER 01024nam a2200217Ia 4500
001 CTU_29826
008 210402s9999 xx 000 0 und d
020 |c 8300 
082 |a 540 
082 |b Th400 
100 |a Nguyễn, Trọng Thọ 
245 0 |a Hóa đại cương lớp 10, 11, 12 chuyên Hóa và ôn thi Đại học 
245 0 |c Nguyễn Trọng Thọ 
260 |a Hà Nội 
260 |b Giáo Dục 
260 |c 1998 
520 |a Sách cung cấp kiến thức cơ bản về hóa học như các khái niệm căn bản và định luật hóa học quan trọng, cấu tạo nguyên tử, cấu tạo phân tử, bảng hệ thống tuần hoàn các nguyên tố hóa học, phản ứng hóa học, sự điện ly, phản ứng oxýt hóa - khử, và sự điện phân 
650 |a Chemistry 
650 |x Study and teaching 
904 |i Bạch Trúc 
980 |a Trung tâm Học liệu Trường Đại học Cần Thơ